Word Ladder: Greek Letters II Quiz Stats

 Plays Quiz Updated May 22, 2019

Score 0/24 Timer 03:00
1 Play Today
Clue 3-Letter Word % Correct
Scary word from a ghostBOO
97.3%
AttemptTRY
96.5%
It supports a golf ballTEE
96.3%
A feathery scarfBOA
95.8%
A historically significant period of timeERA
95.3%
___ AvivTEL
95%
A different question wordWHY
94.8%
Half of a BikiniBRA
94.4%
A question wordWHO
94.4%
The head of a companyCEO
93.6%
Cleverly humorousWRY
92.2%
___ Kwon DoTAE
91.6%
Clue 3-Letter Word % Correct
TV series with versions in Las Vegas, Miami and NYCSI
90.7%
A unit of film animationCEL
89.3%
Kanga's sonROO
88.7%
ρ Greek Letter ρRHO
86.9%
A Vietnamese noodle soupPHở
84.5%
φ Greek Letter φPHI
84.4%
χ Greek Letter χCHI
83.1%
Actor John of the 'Harold & Kumar' filmsCHO
82.2%
ψ Greek Letter ψPSI
81.2%
η Greek Letter ηETA
72.9%
τ Greek Letter τTAU
72.2%
Eliza Dushku's '___ Calling'TRU
70.9%

Today's Daily Dose

Missing Word
Directed by Peter

Word Ladder
Blink-182

Quick Pick
Eagles Songs

Get the Picture
NFC West Profiles

You're not logged in!

Compare scores with friends on all Sporcle quizzes.
OR
Log In

Show Comments

Extras

Top Quizzes Today


Score Distribution

Your Account Isn't Verified!

In order to create a playlist on Sporcle, you need to verify the email address you used during registration. Go to your Sporcle Settings to finish the process.

Report this User

Report this user for behavior that violates our Community Guidelines.

Details: